000 00300nam a22001337a 4500
008 171023b xxu||||| |||| 00| 0 eng d
020 _a9780312073008
041 _aeng
080 _22ND
_a338
100 _a54
101 _aMEN
245 _aPRACTING PUBLIC MANAGEMENT
_cMEYER,C.K
942 _2udc
_cBK
999 _c35456
_d35456